Historisches Bewußtsein im jüdischen Kontext: Strategien - Aspekte - Diskurse
| Contributors: | ; |
|---|---|
| Format: | Print Book |
| Language: | German |
| Subito Delivery Service: | Order now. |
| Check availability: | HBZ Gateway |
| WorldCat: | WorldCat |
| Interlibrary Loan: | Interlibrary Loan for the Fachinformationsdienste (Specialized Information Services in Germany) |
| Published: |
Innsbruck Wien München Bozen
Studien-Verl.
2004
|
| In: |
Schriften des Centrums für Jüdische Studien (6)
Year: 2004 |
| Series/Journal: | Schriften des Centrums für Jüdische Studien
Bd. 6 |
| Standardized Subjects / Keyword chains: | B
Jews
/ Historical consciousness
/ Identity
/ Historiography
|
| Further subjects: | B
Collection of essays
B Conference program 2005 (Graz) B Historical consciousness B Historiography B Jews B Jews History Philosophy B Jews Historiography B Identity B Jewish historians B Mittelalter, Geschichtsschreibung, Erzählung |
| Online Access: |
Table of Contents Table of Contents |
MARC
| LEADER | 00000cam a2200000 c 4500 | ||
|---|---|---|---|
| 001 | 377769371 | ||
| 003 | DE-627 | ||
| 005 | 20260206194458.0 | ||
| 007 | tu | ||
| 008 | 040129s2004 au ||||| 00| ||ger c | ||
| 015 | |a 04,N07,0209 |2 dnb | ||
| 015 | |a 05,A22,1993 |2 dnb | ||
| 016 | 7 | |a 96990536X |2 DE-101 | |
| 020 | |a 3706519291 |q gb. : Eur 30.90, sFr 53.90 | ||
| 024 | 3 | |a 9783706519298 | |
| 035 | |a (DE-627)377769371 | ||
| 035 | |a (DE-603)128530103 | ||
| 035 | |a (DE-576)113013973 | ||
| 035 | |a (DE-599)GBV377769371 | ||
| 035 | |a (OCoLC)238407366 | ||
| 035 | |a (OCoLC)62308918 | ||
| 040 | |a DE-627 |b ger |c DE-627 |e rakwb | ||
| 041 | |a ger | ||
| 044 | |c XA-AT |c XA-DE |c XA-IT | ||
| 050 | 0 | |a DS115.5 | |
| 082 | 0 | |a 907/.2004924 |q LOC |2 22 | |
| 082 | 0 | |a 290 | |
| 082 | 0 | |a 907.2004924 |q LoC |2 DDC22oclc | |
| 082 | 0 | 4 | |a 900 |a 290 |
| 084 | |a BD 1220 |2 rvk |0 (DE-625)rvk/9821: | ||
| 084 | |a NY 4000 |q BSZ |2 rvk |0 (DE-625)rvk/132334: | ||
| 084 | |a 15.01 |2 bkl | ||
| 090 | |a a | ||
| 191 | |a 1 | ||
| 245 | 0 | 0 | |a Historisches Bewußtsein im jüdischen Kontext |b Strategien - Aspekte - Diskurse |c Klaus Hödl (Hrsg.) |
| 263 | |a ca. EUR 30.00, ca. EUR AT 30.00, ca. CHF 52.40 | ||
| 264 | 1 | |a Innsbruck |a Wien |a München |a Bozen |b Studien-Verl. |c 2004 | |
| 300 | |a 277 S. |c 24 cm | ||
| 336 | |a Text |b txt |2 rdacontent | ||
| 337 | |a ohne Hilfsmittel zu benutzen |b n |2 rdamedia | ||
| 338 | |a Band |b nc |2 rdacarrier | ||
| 490 | 1 | |a Schriften des Centrums für Jüdische Studien |v Bd. 6 | |
| 583 | 1 | |a Archivierung/Langzeitarchivierung gewährleistet |f REG |x XA-DE-NI |2 pdager |5 DE-35 | |
| 601 | |a Bewusstsein | ||
| 601 | |a Kontext | ||
| 601 | |a Strategie | ||
| 601 | |a Diskurs | ||
| 650 | 0 | |a Jews |x Historiography | |
| 650 | 0 | |a Jews |x History |x Philosophy | |
| 650 | 0 | |a Jewish historians | |
| 650 | 0 | 7 | |0 (DE-588)4028808-0 |0 (DE-627)10430670X |0 (DE-576)208979565 |a Juden |2 gnd |
| 650 | 0 | 7 | |0 (DE-588)4020526-5 |0 (DE-627)106317733 |0 (DE-576)208933719 |a Geschichtsbewusstsein |2 gnd |
| 650 | 0 | 7 | |0 (DE-588)4026482-8 |0 (DE-627)106288199 |0 (DE-576)208966544 |a Identität |2 gnd |
| 650 | 0 | 7 | |0 (DE-588)4020531-9 |0 (DE-627)104564326 |0 (DE-576)208933751 |a Geschichtsschreibung |2 gnd |
| 650 | 4 | |a Geschichtsbewusstsein | |
| 650 | 4 | |a Juden | |
| 650 | 4 | |a Mittelalter, Geschichtsschreibung, Erzählung | |
| 655 | 7 | |a Aufsatzsammlung |0 (DE-588)4143413-4 |0 (DE-627)105605727 |0 (DE-576)209726091 |2 gnd-content | |
| 655 | 7 | |a Konferenzschrift |y 2005 |z Graz |0 (DE-588)1071861417 |0 (DE-627)826484824 |0 (DE-576)433375485 |2 gnd-content | |
| 689 | 0 | 0 | |d s |0 (DE-588)4028808-0 |0 (DE-627)10430670X |0 (DE-576)208979565 |2 gnd |a Juden |
| 689 | 0 | 1 | |d s |0 (DE-588)4020526-5 |0 (DE-627)106317733 |0 (DE-576)208933719 |2 gnd |a Geschichtsbewusstsein |
| 689 | 0 | 2 | |d s |0 (DE-588)4026482-8 |0 (DE-627)106288199 |0 (DE-576)208966544 |2 gnd |a Identität |
| 689 | 0 | 3 | |d s |0 (DE-588)4020531-9 |0 (DE-627)104564326 |0 (DE-576)208933751 |2 gnd |a Geschichtsschreibung |
| 689 | 0 | |5 DE-101 | |
| 700 | 1 | |e Hrsg. |0 (DE-588)122660692 |0 (DE-627)082074992 |0 (DE-576)293368953 |4 edt |a Hödl, Klaus |d 1963- | |
| 700 | 1 | |0 (DE-588)121216926 |0 (DE-627)511695527 |0 (DE-576)172726778 |4 oth |a Brämer, Andreas |d 1964- | |
| 810 | 2 | |a Karl-Franzens-Universität Graz |b Centrum für Jüdische Studien |t Schriften des Centrums für Jüdische Studien |v 6 |9 6 |w (DE-627)353258024 |w (DE-576)265870100 |w (DE-600)2085973-9 |x 1999-9283 |7 am | |
| 856 | 4 | 2 | |u http://www.gbv.de/dms/hebis-darmstadt/toc/128530103.pdf |m V:DE-603 |m B:DE-17 |q pdf/application |x Verlag |y Inhaltsverzeichnis |3 Inhaltsverzeichnis |7 1 |
| 856 | 4 | 2 | |u http://scans.hebis.de/HEBCGI/show.pl?12853010_toc.pdf |m V:DE-603;B:DE-17 |q application/pdf |3 Inhaltsverzeichnis |7 1 |
| 935 | |a mteo | ||
| 935 | |i sf | ||
| 935 | |i Blocktest | ||
| 936 | r | v | |a BD 1220 |b Geschichte des Judentums |k Theologie und Religionswissenschaften |k Judaistik |k Allgemeines |k Gesamtdarstellungen |k Geschichte des Judentums |0 (DE-627)1270714228 |0 (DE-625)rvk/9821: |0 (DE-576)200714228 |
| 936 | r | v | |a NY 4000 |b Neuzeit |k Geschichte |k Geschichte der Juden |k Geistes- und Kulturgeschichte |k Neuzeit |0 (DE-627)1271460491 |0 (DE-625)rvk/132334: |0 (DE-576)201460491 |
| 936 | b | k | |a 15.01 |j Historiographie |0 (DE-627)106404709 |
| 936 | s | n | |a n100 |2 mzub |
| 936 | s | n | |a b100 |2 mzub |
| 951 | |a BO | ||
| ACO | |a 1 | ||
| ELC | |b 1 | ||
| ITA | |a 1 | ||
| LOK | |0 000 xxxxxcx a22 zn 4500 | ||
| LOK | |0 001 3173377508 | ||
| LOK | |0 003 DE-627 | ||
| LOK | |0 004 377769371 | ||
| LOK | |0 005 20260311121054 | ||
| LOK | |0 008 050824||||||||||||||||ger||||||| | ||
| LOK | |0 040 |a DE-21-106 |c DE-627 |d DE-21-106 | ||
| LOK | |0 541 |e 114/2005 | ||
| LOK | |0 852 |a DE-21-106 | ||
| LOK | |0 852 1 |c A IV Hoe K |m p |9 00 | ||
| LOK | |0 935 |a k106 | ||
| LOK | |0 938 |k p | ||
| LOK | |0 939 |a 24-08-05 |b l01 | ||
| ORI | |a TA-MARC-ixtheoa001.raw | ||
| REL | |a 1 | ||
| STA | 0 | 0 | |a Historical consciousness,Historiography,History writing,Identity,Identity,Identity (Philosophical concept),Identity (Philosophical concept) in art,Identity (Psychology) in literature,Identity (Psychology) in art,Jews,Jews,Jew,Jews in literature |
| STB | 0 | 0 | |a Conscience historique,Historiographie,Identité,Identité,Identité (philosophie),Juifs,Juifs |
| STC | 0 | 0 | |a Conciencia histórica,Historiografía,Identidad,Identidad,Judíos,Judíos,Judíos |
| STD | 0 | 0 | |a Coscienza storica,Ebrei,Ebrei,Identità,Identità,Storiografia |
| STE | 0 | 0 | |a 历史学,史学,历史编纂学,历史意识,犹太人,犹太人,身份,身份 |
| STF | 0 | 0 | |a 歷史學,史學,歷史編纂學,歷史意識,猶太人,猶太人,身份,身份 |
| STG | 0 | 0 | |a Consciência histórica,Historiografia,Identidade,Identidade,Judeus,Judeus |
| STH | 0 | 0 | |a Евреи (мотив),Евреи,Историография,Личная идентификация (мотив),Личная идентификация,Осознание истории |
| STI | 0 | 0 | |a Εβραίοι (μοτίβο),Εβραίοι,Ιστορική συνείδηση,Ιστοριογραφία,Ταυτότητα (μοτίνο),Ταυτότητα |
| SUB | |a REL | ||
| SYE | 0 | 0 | |a Jews,Jüdinnen,Jude,Jüdin,Jude , Historisches Bewusstsein,Geschichtsverständnis,Geschichtskultur , Sozialpsychologie - Identität , Historiographie,Historisierung,Historiografie,Historiographie,Historisierung,Historiographie,Historiografie,Historisierung , Historisches Bewusstsein,Geschichtsverständnis,Geschichtskultur , Jews,Jüdinnen,Jude,Jüdin,Jude |
| SYG | 0 | 0 | |a Jews,Jüdinnen,Jude,Jüdin,Jude , Historisches Bewusstsein,Geschichtsverständnis,Geschichtskultur , Sozialpsychologie - Identität , Historiographie,Historisierung,Historiografie,Historiographie,Historisierung,Historiographie,Historiografie,Historisierung |
| TIM | |a 100020050101_100020051231 |b 2005 - 2005 | ||



